00679cam a2200241Ia 45000010008000000030006000080050017000140080041000310100016000720200015000880200015001030350019001180400025001370820017001621000022001792450062002012500024002632600056002873000021003435040041003646500017004056510015004229431597OCoLC20180817095225.0830420r19791976miu b 000 0 eng d a 76023231 a0310305721 a0310305721 a(OCoLC)9431597 aTBIcTBIdOCLCQdCFT a158.1bO814A1 aOsborne, Cecil G.14aThe art of learning to love yourself /cCecil G. Osborne. aZondervan books ed. aGrand Rapids :bZondervan Pub. House,c1979, c1976. a158 p. ;c18 cm. aIncludes bibliographical references. 0aSelf-esteem. vcounseling